|
|
|
|
| LEADER |
00000nam a22000007a 4500 |
| 005 |
20210803225718.0 |
| 007 |
cr|||| |||| |
| 008 |
210803s2020 es |||||s|||| 00||0 spa d |
| 020 |
|
|
|a 978-84-1377-291-2
|
| 035 |
|
|
|a 33513
|
| 040 |
|
|
|a vLex
|
| 090 |
|
|
|c 11885
|d 11885
|
| 100 |
1 |
|
|a Sǹchez Rubio, David
|
| 245 |
1 |
0 |
|a Temas de Teora̕ y Filosofa̕ del Derecho en contextos de pandemia
|h [Recurso electrn̤ico] /
|c David Sǹchez Rubio, ℓlvaro Sǹchez Bravo
|
| 256 |
|
|
|a Servicio en ln̕ea
|
| 260 |
|
|
|a Madrid:
|b Dykinson,
|c 2020
|
| 300 |
|
|
|a 1 recurso electrn̤ico
|
| 500 |
|
|
|a En este libro, influido por los retos que nos plantea el contexto condicionante del COVID19, se unen diversas voces de la filosofa̕ jurd̕ica espaǫla, para reflexionar sobre algunos temas cruciales del mundo del derecho que son fundamentales para intentar gestionar mejor la trg̀ica y dramt̀ica realidad planetaria que nos ha ocasionado la pandemia: desde la demanda del derecho a una existencia digna junto con el valor y el principio de solidaridad, pasando por una propuesta de una teora̕ del conflicto con las estrategias de negociacin̤ y acuerdos consensuales, as ̕como la urgencia de que la cultura jurd̕ica, ante el nuevo contexto establecido por la globalizacin̤, incorpore unos paradigmas basados en el pluralismo jurd̕ico frente a la insuficiencia del viejo paradigma monista, adems̀ de la necesidad de trabajar para establecer un derecho cosmopolita, para terminar con las exigencias de las polt̕icas ambientales de la UE y la denuncia de algunos de los demonios que acechan a los derechos humanos. Con conciencia humanista y poniendo especial atencin̤ a los colectivos ms̀ vulnerables y en situacin̤ de precariedad existencial, se analizan, reflexionan e interrogan sobre diversos y variados problemas que los contextos pandm̌ico y pos-pandm̌ico nos plantean e interpelan en torno a la realidad del derecho y algunas de sus regiones confines (polt̕ica, economa̕, historia, etc.). Se ofrece un insumo variado de mapas mentales y conceptuales con los que poder entender, de una manera ms̀ ubicada y profunda, este viral mundo convulso y poder obtener regulaciones con la que se mejoren las condiciones de vida de toda la humanidad.
|
| 506 |
1 |
|
|a Disponible solo en los productos indicados
|d vLex Global
|d vLex Global (Academic Edition, excluding Law Schools)
|d vLex Global (U.S. Academic Edition, Law Schools)
|d vLex Global (U.S. Academic Edition, excluding Law Schools)
|d vLex Global (Academic Edition, Law Schools)
|
| 650 |
|
|
|a Filosofa̕ y religin̤
|z Espaą
|
| 700 |
1 |
|
|a Sǹchez Bravo, ℓlvaro
|
| 740 |
0 |
|
|a vLex Libros (Servicio en ln̕ea)
|
| 856 |
4 |
0 |
|u https://app.vlex.com/#/sources/33513
|z Acceso restringido
|
| 942 |
|
|
|c BOOK
|
| 999 |
0 |
|
|a Philosophy and religion
|